000 00410nam a22001697a 4500
003 OSt
005 20220127161558.0
008 220127b |||||||| |||| 00| 0 eng d
020 _a0750621346
040 _cHU
082 _a621.31924
100 _aSteward WE
_928960
245 _aModern Wiring Practice : Design And Installation
260 _aNew York
_bNew York
300 _f340
942 _2ddc
_cBOOKS
_n0
999 _c28266
_d28266